Clubs où a joué Paul Pogba - Statistiques

Statistiques générales
  • Ce quiz a été pris 129 fois
  • Le résultat moyen est 5 sur 8
Statistiques - réponses
Années Club Pays % Correct
2022 - 2024 Juventus Italie
100%
2009 - 2011 Manchester United Angleterre
97%
2011 - 2012 Manchester United Angleterre
97%
2016 - 2022 Manchester United Angleterre
97%
2012 - 2016 Juventus Italie
81%
2007 - 2009 Le Havre AC France
15%
2006 - 2007 US Torcy France
8%
1999 - 2006 US Roissy en Brie France
4%
Aucun quiz correspondant
Distribution des résultats
% des personnes avec chaque résultat
Percentile par nombre de réponses
Votre historique - résultats
Vous n’avez pas pris ce quiz